Normal view
MARC view
Entry Personal Name
001 - CONTROL NUMBER
- control field: 12877
003 - CONTROL NUMBER IDENTIFIER
- control field: OSt
005 - DATE AND TIME OF LATEST TRANSACTION
- control field: 20190829120600.0
008 - FIXED-LENGTH DATA ELEMENTS
- fixed length control field: 190829|| aca||aabn | a|a d
040 ## - CATALOGING SOURCE
- Original cataloging agency: OSt
- Transcribing agency: OSt
100 ## - HEADING--PERSONAL NAME
- Personal name: Thomas, Christopher R.; Maurice, S.Charles
670 ## - SOURCE DATA FOUND
- Source citation: Work cat.: (OSt): Thomas, Christopher R.; Maurice, S.Charles, Managerial Economics: foundations of business analysis and strategy, 2016
